Bebop (Record n. 99876)

Dettagli MARC
000 -LEADER
fixed length control field 03358njm a2200481Ia 4500
001 - CONTROL NUMBER
control field 25680
003 - CONTROL NUMBER IDENTIFIER
control field IT-RoPAU
005 - DATE AND TIME OF LATEST TRANSACTION
control field 20220918181122.0
008 - FIXED-LENGTH DATA ELEMENTS--GENERAL INFORMATION
fixed length control field 131025s9999 xx 000 0 und d
040 ## - CATALOGING SOURCE
Original cataloging agency IT-RoPAU
040 ## - CATALOGING SOURCE
Transcribing agency IT-RoPAU
999 ## - SYSTEM CONTROL NUMBERS (KOHA)
Koha Dewey Subclass [OBSOLETE] n.d.
100 ## - MAIN ENTRY--PERSONAL NAME
Personal name AA.VV.
9 (RLIN) 794
100 ## - MAIN ENTRY--PERSONAL NAME
Relator term Autore musica
9 (RLIN) 13535
100 ## - MAIN ENTRY--PERSONAL NAME
Miscellaneous information Codice autore musica SPICS: 12000
9 (RLIN) 796
245 ## - TITLE STATEMENT
Title Bebop
250 ## - EDITION STATEMENT
Edition statement 2a ed.
260 ## - PUBLICATION, DISTRIBUTION, ETC. (IMPRINT)
Place of publication, distribution, etc. MILANO
260 ## - PUBLICATION, DISTRIBUTION, ETC. (IMPRINT)
Name of publisher, distributor, etc. MUSICA JAZZ
Date of publication, distribution, etc. 1982 [1a Ed.:]
300 ## - PHYSICAL DESCRIPTION
Extent DISCO
300 ## - PHYSICAL DESCRIPTION
Dimensions 38 minuti (Testo: pag.)
500 ## - GENERAL NOTE
General note Musica jazz. Disco fuori commercio allegato al n. 6 '82 della rivista "Musica jazz". Bebop
505 ## - FORMATTED CONTENTS NOTE
Formatted contents note A Night in Tunisia I e II parte [(New York, Carnegie Hall, 29 settembre 1947) (Gillespie Dizzy) (6:00)] - Groovin' High I e II parte [(New York, Carnegie Hall, 29 settembre 1947) (Gillespie Dizzy) (6:00)] - I Can't Get Started (Parigi, 9 febbraio 1953) (Gillespie Dizzy) (4:00)] - Good Bait [(Parigi, 9 febbraio 1953) (Gillespie Dizzy) (5:00)] - Quasimodo [(New York, 28 ottobre 1947) (Parker Charlie B.) (3:00)] - (Parker Charlie B.) (3:00)] - Embraceable You ](New York, 28 ottobre 1947) (Parker Charlie B.) (4:00)] - Scrapple From the Apple [(New York, 28 ottobre 1947) (Parker Charlie B.) (3:00)] - Don't Blame me [(New York, 28 ottobre 1947) (Parker Charlie B.) (3:00)] - Cool Blues [(New York, Carnegie Hall, 25 settembre 1954) (Parker Charlie B.) (3:00)] - Hallucinations (New York, Autunno 1964) (Powell Bud) (5:00)]
511 ## - PARTICIPANT OR PERFORMER NOTE
Participant or performer note Gillespie Dizzy: tr; Parker Charlie: alto; Lewis John: p; McKibbon Al: cb; Harris Joe: batt
511 ## - PARTICIPANT OR PERFORMER NOTE
Participant or performer note Gillespie Dizzy: tr; Graham Bill: alto e bar; Legge Wade: p; Hackney Lou: cb; Jones Al: batt
511 ## - PARTICIPANT OR PERFORMER NOTE
Participant or performer note Parker Charlie: alto; Davis Miles: tr; Johnsons J.J.: trne; Jordan Duke: p; Potter Tommy: cb; Roach Max: batt
511 ## - PARTICIPANT OR PERFORMER NOTE
Participant or performer note Parker Charlie: alto; Davis Miles: tr; Jordan Duke: p; Potter Tommy: cb; Roach Max: batt
511 ## - PARTICIPANT OR PERFORMER NOTE
Participant or performer note Parker Charlie: alto; Lewis John: p; Heath Percy: cb; Clarke Kenny: batt
511 ## - PARTICIPANT OR PERFORMER NOTE
Participant or performer note Powell Bud: p; Ore John: cb; Moses J.C.: batt
650 ## - SUBJECT ADDED ENTRY--TOPICAL TERM
Topical term or geographic name as entry element JAZZ [DISCHI]
Relator term Codice MATERIA SPICS: 9950
9 (RLIN) 13536
700 ## - ADDED ENTRY--PERSONAL NAME
Personal name Gillespie Dizzy
Dates associated with a name Codice autore musica SPICS: 10777
Relator term Autore musica
Name of part/section of a work A Night in Tunisia I e II parte - Groovin' High I e II parte
9 (RLIN) 13537
700 ## - ADDED ENTRY--PERSONAL NAME
Personal name Paparelli Frank
Dates associated with a name Codice autore SPICS: 18047
Relator term Autore
Name of part/section of a work A Night in Tunisia I e II parte
9 (RLIN) 13538
700 ## - ADDED ENTRY--PERSONAL NAME
Personal name Gershwin Ira
Dates associated with a name Codice autore musica SPICS: 10501
Relator term Autore musica
Name of part/section of a work I Can't Get Started - Embraceable You
9 (RLIN) 13539
700 ## - ADDED ENTRY--PERSONAL NAME
Personal name Duke Vernon
Dates associated with a name Codice autore SPICS: 16363
Relator term Autore
Name of part/section of a work I Can't Get Started
9 (RLIN) 13540
700 ## - ADDED ENTRY--PERSONAL NAME
Personal name Dameron Tadd
Dates associated with a name Codice autore musica SPICS: 10526
Relator term Autore musica
Name of part/section of a work Good Bait
9 (RLIN) 13541
700 ## - ADDED ENTRY--PERSONAL NAME
Personal name Basie Count
Dates associated with a name Codice autore SPICS: 10545
Relator term Autore
Name of part/section of a work Good Bait
9 (RLIN) 13542
700 ## - ADDED ENTRY--PERSONAL NAME
Personal name Parker Charlie (B.)
Dates associated with a name Codice autore musica SPICS: 10799
Relator term Autore musica
Name of part/section of a work Quasimodo - Scrapple From the Apple - Cool Blues
9 (RLIN) 13543
700 ## - ADDED ENTRY--PERSONAL NAME
Personal name Gershwin George
Dates associated with a name Codice autore musica SPICS: 10668
Relator term Autore musica
Name of part/section of a work Embraceable You
9 (RLIN) 13544
700 ## - ADDED ENTRY--PERSONAL NAME
Personal name Field Michel
Dates associated with a name Codice autore musica SPICS: 21814
Relator term Autore musica
9 (RLIN) 13545
700 ## - ADDED ENTRY--PERSONAL NAME
Personal name McHugh Jimmy
Dates associated with a name Codice autore SPICS: 16297
Relator term Autore
Name of part/section of a work Don't Blame me
9 (RLIN) 13546
700 ## - ADDED ENTRY--PERSONAL NAME
Personal name Powell Bud
Dates associated with a name Codice autore musica SPICS: 10500
Relator term Autore musica
Name of part/section of a work Hallucinations
9 (RLIN) 13547
942 ## - ADDED ENTRY ELEMENTS (KOHA)
Koha item type DISCHI
Source of classification or shelving scheme Dewey Decimal Classification
Dati di copia
Withdrawn status Lost status Damaged status Not for loan Home library Current library Date acquired Total Checkouts Full call number Date last seen Price effective from Koha item type Public note
    Buone Condizioni Not For Loan SPICS-MEDIATECA SPICS-MEDIATECA 25/10/2013   25680 25/10/2013 25/10/2013 DISCHI Progr. Ins.: 5554 / N.Vol.: 1 / Copie: 1 - Copia rara: n.d. / date import: 01.01.2014 - By Epidotti, Trombetti, Vaglietti
CREDITS: SOCIETA' SAN PAOLO Via A.Severo, 58 - ROMA (RM) & PERIODICI SAN PAOLO SRL Via Giotto, 36 MILANO & CISF Via Giotto, 36 MILANO & EDIZIONI SAN PAOLO SRL,  Piazza Soncino, 5 CINISELLO BALSAMO (MI) -- ITALY